Quizzes
Events
Quiz Creation
Community
Videos
Private Events
Remove Ads
Sign In
Join for FREE
Feedback
Dark Mode
Quiz Categories
Sports
Geography
Music
Movies
Television
Just For Fun
Miscellaneous
History
Literature
Language
Science
Gaming
Entertainment
Religion
Holiday
For Kids
Quiz Lab
Recent
Popular Today
Quiz Kudos Today
Editor Picks
Curator Picks
Quizzes by...
Day
Popularity
Type
Ratings
Length
Year
Community
Subscriptions
Recent Discussions
Orange Saloon
Badges
Playlists
Quests
Create
Leaderboards
Showdown
Live 5
Trivia Bingo
Activity
Puzzle Library
Sporcle Events
Private Events
Virtual Trivia
Globe League
Become a Host
Pub Owners
SporcleCon
Opinionation
Our Games
Videos
Blog
Mobile Apps
Partnerships
Remove Ads and Go Orange
Feedback
Sports
Athletes
MLB
NBA
NHL
NFL
Soccer
Sports Teams
WWE
NCAA
Football
Premier League
Basketball
Baseball
Hockey
Golf
Tennis
Cricket
Rugby
Auto Racing
Olympics
World Cup
Sports
Athletes
MLB
NBA
NHL
NFL
Soccer
Sports Teams
WWE
NCAA
Football
Premier League
Basketball
Baseball
Hockey
Golf
Tennis
Cricket
Rugby
Auto Racing
Olympics
World Cup
Random Quiz
Search Sporcle
×
Quiz Lab
Quiz Lab
Sports
NCAA
Type in answers that appear in a list
Type in answers that appear in a list
Classic
Best Score? Go Orange.
Unique NCAA Nicknames Part IV Stats
Can you name the NCAA Division I nicknames that are not shared by any other NCAA Division I school?
By
stradabolt
6m
30 Questions
157 Plays
157 Plays
157 Plays
Comments
Comments
Give Quiz Kudos
Give Quiz Kudos
-
- Ratings
hide this ad
Replay
Link that replays current quiz
Next Quiz
Link to next quiz in quiz playlist
You Got
0%
They Got
Avg Score
49%
Avg Friend Score
Upgrade to see
Score Distribution
Jump to the score distribution portion of the page
Score
0/30
Timer
06:00
0
Plays Today
Conference
Nickname
% Correct
Pac-
12
Cardinal (Stanford)
89.2%
Pac-
12
Utes (Utah)
87.5%
Pac-
12
Ducks (Oregon)
86%
SEC
Gators (Florida)
84.7%
Pac-
12
Sun Devils (Arizona State)
83.4%
Pac-
12
Beavers (Oregon State)
83.4%
Pac-
12
Buffaloes (Colorado)
82.5%
SEC
Crimson Tide (Alabama)
79.6%
SEC
Commodores (Vanderbilt)
79%
SEC
Volunteers (Tennessee)
78.3%
Pac-
12
Golden Bears (California)
75.2%
SEC
Razorbacks (Arkansas)
70.1%
Missouri Valley
Ramblers (Loyola, IL)
55.3%
Mountain West
Aztecs (San Diego State)
52.9%
Patriot League
Greyhounds (Loyola, MD)
52.6%
Conference
Nickname
% Correct
Mountain West
Lobos (New Mexico)
44.6%
Northeast
Warriors (Merrimack)
40%
Missouri Valley
Salukis (Southern Illinois)
37.6%
Patriot League
Midshipmen (Navy)
36.3%
Missouri Valley
Sycamores (Indiana State)
34.4%
Patriot League
Black Knights (Army)
33.8%
Missouri Valley
Redbirds (Illinois State)
32.5%
Ohio Valley
Racers (Murray State)
30.6%
Missouri Valley
Purple Aces (Evansville)
29.3%
Ohio Valley
Governors (Austin Peay)
27.4%
Patriot League
Leopards (Lafayette)
25.5%
Patriot League
Mountain Hawks (Lehigh)
25.5%
Ohio Valley
Skyhawks (Tennessee-Martin)
17.8%
Northeast
Dolphins (Long Island)
17.2%
Northeast
Red Flash (St. Francis, PA)
17.2%
Quiz Playlist
Details
Report
Send in Message
Add To Playlist
Classic:
Type in answers that appear in a list
Last Updated: Feb 16, 2017
Quiz Scoreboard
CHALLENGE
Sign Up to Join the Scoreboard
Show All
Scores
Hide
Comments
May contain spoilers
Recently Published
Presidents Visiting Landmarks
by Hejman
History
7m
An Introduction to Baseball
by treessimontrees
Sports
5m
Movies - When Are They Set?
by FPL_Elf
Movies
5m
More to Explore
Quiz From the Vault
Featured Blog Post
Where Did the Easter Bunny Come From?
hide this ad
You Might Also Like...
Tags
NCAA Quiz
Conference
Division
nickname
school
Shared
Unique
Today's Top Quizzes in Sports
Browse Sports
hide this ad
Today's Top Quizzes in NCAA
Browse NCAA
Top Contributed Quizzes in Sports
1
Les meilleurs buteurs des matchs entre le PSG et l’OM
2
2022 World Cup Stars
3
FIFA Club World Cup Champions
4
Les entraîneurs de l'OM et du PSG au 21e siècle
5
Name the Premier League winners with different clubs
6
La finale Lions - Afrique du Sud 2021
7
5-to-1: UK Sports Teams
8
England Test cricketers to play under Nasser Hussain
9
Players with Multiple 50 Home Run Seasons
10
AFC Teams Reveal (Wrong Answers Minefield)
Explore More
Trending Topics
Anime
Disney
Marvel
Kpop
NBA
Crossword
Harry Potter
The Office
NFL
Soccer
WWE
Puzzle
Country
Pokémon
Song
hide this ad
More By:
stradabolt
Quiz
Plays
Rating
Category
Featured
Created
Counties of Iowa
2,118
5.00
Geography
Oct 5, 2009
County Seats of Iowa
220
3.00
Geography
Oct 5, 2009
Unique NCAA Nicknames Part I
175
3.00
Sports
Jan 11, 2011
NCAA/Minor Leagues Shared Nicknames
167
4.00
Sports
Dec 30, 2010
Unique NCAA Nicknames Part IV
157
5.00
Sports
Jan 21, 2011
Go to Creator's Profile
Score Distribution
Quiz Creator Spotlight
stradabolt
Follow
Send a Message
Quizzes Created
-
Created Quiz Play Count
-
More By This Creator
Popular Quizzes Today
1
Find the US States - No Outlines Minefield
2
Find the Countries of Europe - No Outlines Minefield
3
The Countries of the World
4
Find the US States
5
Popular People in 1961
6
US States
7
Risky Map Clicking: Biggest States A-Z
8
1-10 Letter E Words III
More Sports Quizzes
Most Caps By Picture - Colombia
Quiz Lab
Trending Quizzes
Risky Map Clicking: Least Populous States A-Z
1-10 Letter G Words
1-10 Letter F Words
Risky Map Clicking: Next State Alphabetically
Risky Map Clicking: Biggest States A-Z
Recently Updated
Leaping Animals
pecheneg
Reality TV Shows (A-Z)
bhenderson79
Rickey Henderson's Hall of Fame Teammates
pecheneg
Champions League XIs: Arsenal
pecheneg
Quick Pick: Celebrities in WWE's Hall of Fame
aduchscher
A-Z Keypad Blitz II
pecheneg
Multiple Oscar Actors
pecheneg
Mystery Phrase Blitz: Oscar 'Best Actors'
pecheneg
F. Scott Fitzgerald Novels
LTH
Pick 3 Villains
ddd62291
Trending Topics
Kpop
Crossword
NBA
Harry Potter
Anime
Marvel
Disney
The Office
Puzzle
NFL
Song
WWE
Pokémon
Soccer
Country
Your Account Isn't Verified!
In order to create a playlist on Sporcle, you need to verify the email address you used during registration. Go to your
Sporcle Settings
to finish the process.
Report this User
Report this user for behavior that violates our
Community Guidelines
.
Details:
Send Report
Go to the Sporcle.com Mobile Site →
Comments